[Event "London Classic Open 2017"]
[Site "London ENG"]
[Date "2017.12.04"]
[Round "4.32"]
[White "Krishna, C R G"]
[Black "Stigar, Petter"]
[Result "1/2-1/2"]
[WhiteTitle "IM"]
[BlackTitle "FM"]
[WhiteElo "2421"]
[BlackElo "2214"]
[WhiteFideId "5018625"]
[BlackFideId "1500341"]
[EventDate "2017.12.02"]

1. d4 d5 2. Nf3 Nf6 3. c4 e6 4. g3 Bb4+ 5. Bd2 Bd6 6. Nc3 c6 7. Bg2 O-O 8. Bg5
h6 9. Bxf6 Qxf6 10. O-O Qd8 11. e4 dxc4 12. Nd2 e5 13. dxe5 Bxe5 14. Nxc4 Bc7
15. Qc2 Qe7 16. Rfe1 Na6 17. a3 Nc5 18. b4 Ne6 19. Rad1 a5 20. Qb2 axb4 21. axb4
Rd8 22. e5 Rd4 23. Rxd4 Nxd4 24. Ne4 Nb5 25. Nc5 Be6 26. Bf1 b6 27. Nxe6 Qxe6
28. Rd1 Rb8 29. Qc2 c5 30. Nb2 Qe8 31. e6 fxe6 32. Bc4 Na3 33. Qb3 Nxc4 34. Qxc4
Be5 35. Nd3 Bd4 36. bxc5 bxc5 37. Nxc5 Bxc5 38. Qxc5 Qg6 39. h4 Rb1 40. Rxb1
Qxb1+ 41. Kh2 Qe4 1/2-1/2

[Event "London Classic Open 2017"]
[Site "London ENG"]
[Date "2017.12.04"]
[Round "4.33"]
[White "Semprun Martinez, Fernando"]
[Black "Houska, Jovanka"]
[Result "0-1"]
[BlackTitle "IM"]
[WhiteElo "2205"]
[BlackElo "2407"]
[WhiteFideId "2203170"]
[BlackFideId "405094"]
[EventDate "2017.12.02"]

1. e4 c6 2. d4 d5 3. e5 Bf5 4. Nf3 e6 5. Be2 Nd7 6. O-O Bg6 7. Nbd2 Nh6 8. Nb3
Be7 9. a4 O-O 10. a5 f6 11. exf6 Bxf6 12. Bf4 Nf7 13. c3 a6 14. Qd2 e5 15. dxe5
Nfxe5 16. Nxe5 Nxe5 17. Nc5 Qe7 18. b4 Rad8 19. Rfe1 Qf7 20. Bxe5 Bxe5 21. Bxa6
Bf4 22. Qd4 bxa6 23. Ne6 Bb8 24. Nxd8 Rxd8 25. Qb6 Rf8 26. Re2 Bd3 27. Rd2 Ba7
28. Qxc6 Bxf2+ 29. Kh1 Be1 0-1

[Event "London Classic Open 2017"]
[Site "London ENG"]
[Date "2017.12.04"]
[Round "4.34"]
[White "Martins, David Pires Tavares"]
[Black "Haribalu, V."]
[Result "1/2-1/2"]
[WhiteTitle "IM"]
[WhiteElo "2400"]
[BlackElo "2205"]
[WhiteFideId "1909991"]
[BlackFideId "5015189"]
[EventDate "2017.12.02"]

1. Nf3 d5 2. c4 c6 3. g3 Nf6 4. Bg2 dxc4 5. O-O Nbd7 6. Qc2 Nb6 7. Na3 Qd5 8. b3
cxb3 9. axb3 Be6 10. d3 Qxb3 11. Qxb3 Bxb3 12. Be3 Nfd7 13. Rfb1 Bd5 14. Nc4
Bxc4 15. Bxb6 Bb5 16. Bxa7 e5 17. Be3 Ra6 18. Bh3 Bd6 19. Ng5 Nf6 20. Bc8 h6 21.
Bxb7 Rxa1 22. Rxa1 O-O 23. Nf3 Rb8 24. Ra8 Rxa8 25. Bxa8 Nd5 26. Bb7 Nxe3 27.
fxe3 Kf8 28. Kf2 Ke7 29. Bc8 g6 30. Bh3 f5 31. g4 e4 32. dxe4 fxe4 33. Nd4 Ba4
34. Bg2 c5 35. Bxe4 cxd4 36. exd4 Kf6 37. h4 Be8 38. Bf3 Bc7 39. h5 gxh5 40.
gxh5 Bb6 41. e3 Kg5 42. Be2 Kh4 43. Bf3 Ba4 44. Be2 Kg5 45. Kg3 Bc2 46. Bf3 Bd3
47. Kf2 Bc7 48. Be2 Be4 49. Bf3 Bc2 50. Be2 Ba5 51. Bf3 Bb4 52. Be2 Ba4 53. Bf3
Bb3 54. Be2 Bd2 55. Bf3 Bc1 56. Be2 Be6 57. Bf3 Bf7 58. Be2 Bb3 59. Bf3 Kf5 60.
Ke2 Bc4+ 61. Kf2 Ba3 62. Be2 Bf7 63. Bd3+ Kg4 64. Be2+ Kg5 65. Bf3 Bd6 66. Be2
Kh4 67. Bf3 Be8 68. e4 Bf4 69. e5 Bf7 70. Ke2 Kg3 71. Be4 Bxh5+ 72. Kd3 Bf7 73.
Bc6 Bg5 74. Ke4 Bg6+ 75. Kd5 Kf4 76. Kd6 h5 77. e6 h4 78. Bg2 Be4 79. Bf1 Ke3
80. e7 Bxe7+ 81. Kxe7 Kf2 82. Bh3 Kg3 83. Be6 Kf4 84. d5 Bxd5 1/2-1/2

[Event "London Classic Open 2017"]
[Site "London ENG"]
[Date "2017.12.04"]
[Round "4.35"]
[White "Van Delft, Merijn"]
[Black "Megalios, Konstantinos"]
[Result "1/2-1/2"]
[WhiteTitle "IM"]
[WhiteElo "2393"]
[BlackElo "2203"]
[WhiteFideId "1004670"]
[BlackFideId "4238044"]
[EventDate "2017.12.02"]

1. e4 e5 2. Nf3 Nc6 3. Bb5 a6 4. Ba4 Nf6 5. O-O Be7 6. Re1 b5 7. Bb3 d6 8. c3
O-O 9. h3 Nb8 10. d4 Nbd7 11. Nbd2 Bb7 12. Bc2 Re8 13. a4 Bf8 14. Bd3 c6 15. b3
g6 16. Bb2 Nh5 17. Bf1 Rc8 18. g3 Ng7 19. h4 Ne6 20. Bh3 Bg7 21. b4 exd4 22.
cxd4 1/2-1/2

[Event "London Classic Open 2017"]
[Site "London ENG"]
[Date "2017.12.04"]
[Round "4.36"]
[White "Milliet, Sophie"]
[Black "Hill, Alistair"]
[Result "1-0"]
[WhiteTitle "IM"]
[WhiteElo "2392"]
[BlackElo "2179"]
[WhiteFideId "623725"]
[BlackFideId "432407"]
[EventDate "2017.12.02"]

1. e4 e5 2. Nf3 Nc6 3. Bc4 Bc5 4. O-O Nf6 5. d3 d6 6. c3 a6 7. a4 h6 8. Re1 O-O
9. Nbd2 Ba7 10. h3 Ne7 11. d4 Ng6 12. Bf1 Re8 13. Qc2 Nh7 14. b4 Qf6 15. Bb2 Bd7
16. a5 Nf4 17. Kh2 Ng5 18. Re3 Re7 19. h4 Nxf3+ 20. Nxf3 Bg4 21. g3 Nd5 22. exd5
Bxf3 23. Rae1 Rae8 24. Bg2 Bg4 25. Qd2 Kf8 26. Kg1 Kg8 27. c4 Bxd4 28. Bxd4 exd4
29. Rxe7 Rxe7 30. Rxe7 Qxe7 31. Qxd4 Bh5 32. c5 Be2 33. Qe3 Qxe3 34. fxe3 Kf8
35. Kf2 Bc4 36. e4 Ke7 37. Ke3 Bb5 38. Kd4 f6 39. Bh3 Kd8 40. Bf5 Be8 41. Bg4
Ba4 42. Be2 Kc8 43. h5 Be8 44. Ke3 g5 45. hxg6 Bxg6 46. Kf4 Kb8 47. Bg4 Ka7 48.
Bf5 Be8 49. Kg4 Kb8 50. Bh7 Bd7+ 51. Kh5 dxc5 52. bxc5 b6 53. axb6 a5 54. bxc7+
Kxc7 55. Bg8 Kd8 56. Kg6 Bb5 57. d6 Bd3 58. Bd5 a4 59. Kxf6 a3 60. c6 1-0

[Event "London Classic Open 2017"]
[Site "London ENG"]
[Date "2017.12.04"]
[Round "4.37"]
[White "Ilfeld, Etan"]
[Black "Zujev, Oleg"]
[Result "0-1"]
[WhiteElo "2186"]
[BlackElo "2381"]
[WhiteFideId "2803470"]
[BlackFideId "12801585"]
[EventDate "2017.12.02"]

1. e4 c5 2. Nf3 e6 3. d4 cxd4 4. Nxd4 a6 5. Bd3 Bc5 6. Nb3 Be7 7. Qg4 g6 8. Qe2
d6 9. O-O Nd7 10. a4 b6 11. Na3 Ne5 12. Nc4 Nxc4 13. Bxc4 Qc7 14. Bd3 Nf6 15.
Bh6 e5 16. h3 Bf8 17. Bxf8 Kxf8 18. f4 Nh5 19. fxe5 dxe5 20. Kh2 Nf4 21. Qf3 Kg7
22. Rf2 h5 23. Raf1 h4 24. Nc1 Be6 25. Ne2 g5 26. Nxf4 gxf4 27. Rd1 Rh6 28. Bf1
Rg6 29. Qd3 b5 30. axb5 axb5 31. Qd6 Qxd6 32. Rxd6 Ra2 33. Bxb5 Rxb2 34. Bd3 Rg3
35. Rf3 Rb1 36. Be2 Re1 37. Rd2 Kf6 38. Rf1 Rxe2 39. Rxe2 Bc4 40. Rff2 Bxe2 41.
Rxe2 Ke6 42. Re1 Rc3 43. Re2 f5 44. exf5+ Kxf5 45. Rd2 e4 46. Rd5+ Ke6 47. Rh5
Rxc2 48. Rxh4 Ke5 49. Kg1 Rc1+ 50. Kf2 e3+ 51. Ke2 Rg1 52. Rg4 Ke4 53. h4 Rxg2+
54. Rxg2 f3+ 55. Kf1 fxg2+ 56. Kxg2 Kd3 57. h5 e2 58. h6 e1=Q 0-1

[Event "London Classic Open 2017"]
[Site "London ENG"]
[Date "2017.12.04"]
[Round "4.38"]
[White "Gourlay, Iain"]
[Black "Brozel, Sacha"]
[Result "1/2-1/2"]
[WhiteTitle "FM"]
[WhiteElo "2378"]
[BlackElo "2168"]
[WhiteFideId "2401533"]
[BlackFideId "429317"]
[EventDate "2017.12.02"]

1. c4 c5 2. g3 Nc6 3. Bg2 g6 4. Nc3 Bg7 5. a3 d6 6. Rb1 a5 7. e3 e5 8. Nge2 Nge7
9. O-O O-O 10. d3 Rb8 11. Nd5 b5 12. cxb5 Rxb5 13. Qa4 Ba6 14. Bd2 Nxd5 15. Bxd5
Qc8 16. Bc4 Rb8 17. Nc3 Kh8 18. Nd5 f5 19. Bc3 Bb7 20. f4 Re8 21. Rfe1 exf4 22.
Bxg7+ Kxg7 23. gxf4 Qd8 24. Qc2 Qh4 25. Qf2 Qg4+ 26. Qg3 Qxg3+ 27. hxg3 Ne7 28.
Nxe7 Rxe7 29. b4 axb4 30. axb4 d5 31. Ba2 Ra8 32. Re2 d4 33. bxc5 Bf3 34. Rf2
dxe3 35. Rxf3 Rxa2 36. Re1 Rb7 37. c6 Rc7 38. Rc1 Ra6 39. Rxe3 Raxc6 40. Rxc6
Rxc6 41. Re7+ Kf6 1/2-1/2

[Event "London Classic Open 2017"]
[Site "London ENG"]
[Date "2017.12.04"]
[Round "4.39"]
[White "Sumit, Kumar"]
[Black "Gumularz, Szymon"]
[Result "0-1"]
[BlackTitle "FM"]
[WhiteElo "2176"]
[BlackElo "2376"]
[WhiteFideId "5054010"]
[BlackFideId "1188062"]
[EventDate "2017.12.02"]

1. e4 c5 2. Nf3 d6 3. d4 cxd4 4. Nxd4 Nf6 5. f3 e5 6. Nb3 Nc6 7. c4 a5 8. Be3
Be7 9. Nc3 a4 10. Nd2 a3 11. b3 Qa5 12. Qc1 O-O 13. Be2 Nd4 14. Bd3 Be6 15. O-O
Nd7 16. Ndb1 Nc5 17. Qd1 Rfc8 18. f4 Nxd3 19. Qxd3 b5 20. Nd5 Bxd5 21. exd5 bxc4
22. bxc4 e4 23. Qxe4 Ne2+ 24. Kf2 Bf6 25. Nd2 Re8 26. Qd3 Bxa1 27. Rxa1 Qc3 28.
Qxc3 Nxc3 29. Nb3 Ra4 30. c5 Nxd5 31. cxd6 Nxe3 32. d7 Rd8 33. Re1 Ng4+ 0-1

[Event "London Classic Open 2017"]
[Site "London ENG"]
[Date "2017.12.04"]
[Round "4.40"]
[White "Krishna Teja, N"]
[Black "Pein, Jonathan"]
[Result "1-0"]
[WhiteTitle "IM"]
[WhiteElo "2368"]
[BlackElo "2165"]
[WhiteFideId "5001498"]
[BlackFideId "417092"]
[EventDate "2017.12.02"]

1. d4 Nf6 2. c4 g6 3. Nc3 Bg7 4. e4 O-O 5. Be2 d6 6. Be3 c5 7. e5 dxe5 8. dxe5
Nfd7 9. f4 Nc6 10. Qd2 f6 11. exf6 Bxf6 12. Nf3 Qb6 13. Rb1 Bxc3 14. Qxc3 Qb4
15. Qxb4 Nxb4 16. a3 Nc2+ 17. Kd2 Nxe3 18. Kxe3 Re8 19. Bd3 e5 20. fxe5 Nxe5 21.
Nxe5 Rxe5+ 22. Kf4 Re8 23. Be4 g5+ 24. Kf3 Bg4+ 25. Kxg4 Rxe4+ 26. Kxg5 Rae8 27.
g4 R8e5+ 28. Kh4 Rxc4 29. Rbd1 Rd4 30. Rxd4 cxd4 31. Rd1 Re2 32. b4 Rxh2+ 33.
Kg5 Rf2 34. Rxd4 Kg7 35. Rd6 Rf7 36. Re6 Rf8 37. b5 b6 38. Rc6 Rf7 39. Rc8 Rf3
40. a4 Rf7 41. Kh4 Rf4 42. Rc7+ Rf7 43. Rc4 Kg6 44. Kg3 Rf8 45. Rc6+ Rf6 46. Rc4
Rf7 47. Kh4 Rf1 48. Rc6+ Rf6 49. g5 1-0

[Event "London Classic Open 2017"]
[Site "London ENG"]
[Date "2017.12.04"]
[Round "4.41"]
[White "Ethelontis, Alexandros N"]
[Black "Sowray, Peter J"]
[Result "1/2-1/2"]
[BlackTitle "FM"]
[WhiteElo "2154"]
[BlackElo "2357"]
[WhiteFideId "405469"]
[BlackFideId "400971"]
[EventDate "2017.12.02"]

1. c4 e6 2. g3 d5 3. Bg2 Nf6 4. Nf3 dxc4 5. O-O c5 6. Na3 Nc6 7. Nxc4 Be7 8. b3
O-O 9. Bb2 Qc7 10. Nfe5 Bd7 11. e3 Rfd8 12. Rc1 Be8 13. Qe2 Rac8 14. Rfd1 b5 15.
Nxc6 Bxc6 16. Bxc6 Qxc6 17. Ne5 Qb7 18. d4 cxd4 19. Bxd4 a6 20. Bb2 Nd5 21. e4
Nf6 22. f3 Qb6+ 23. Kg2 Rxc1 24. Rxc1 Bc5 25. Rd1 h6 26. Rxd8+ Qxd8 27. Qd3 Qa5
28. a3 Qe1 29. Kh3 Qf2 30. Bc3 Be3 31. a4 h5 32. axb5 axb5 33. Qxb5 g5 34. Qd3
Kh7 35. b4 Bb6 36. b5 Be3 37. Qc4 g4+ 38. fxg4 hxg4+ 39. Nxg4 Nxg4 40. Kxg4 Qxh2
41. Qd3 Qf2 42. Be5 Kg6 43. Bf4 Bxf4 44. gxf4 Qg2+ 45. Kh4 Kh6 46. e5 Qh2+ 47.
Kg4 Qg2+ 48. Kh4 Qh2+ 49. Kg4 Qg2+ 50. Qg3 Qe2+ 51. Qf3 Qxb5 52. Kh4 Qb1 53.
Qh5+ Kg7 54. Qg5+ Kh7 55. Qh5+ Kg7 56. Qg5+ 1/2-1/2

[Event "London Classic Open 2017"]
[Site "London ENG"]
[Date "2017.12.04"]
[Round "4.42"]
[White "Beinoras, Mindaugas"]
[Black "Stanisz, Patryk"]
[Result "0-1"]
[WhiteTitle "IM"]
[WhiteElo "2353"]
[BlackElo "2150"]
[WhiteFideId "12802085"]
[BlackFideId "1123106"]
[EventDate "2017.12.02"]

1. d4 d5 2. c4 c6 3. Nf3 Nf6 4. e3 Bf5 5. Nc3 e6 6. Nh4 Be4 7. f3 Bg6 8. Qb3 Qc7
9. Bd2 dxc4 10. Bxc4 b5 11. Be2 Nbd7 12. e4 Be7 13. Nxg6 hxg6 14. e5 b4 15. Na4
Nd5 16. O-O Nxe5 17. g3 Nd7 18. Rfd1 a5 19. Rac1 Bd6 20. Be1 Rc8 21. Bf2 Ke7 22.
Ba6 Rb8 23. Qc2 b3 24. axb3 Nb4 25. Qe2 Rh3 26. Kg2 Rbh8 27. Rh1 Nf6 28. Nc5
R3h5 29. Ne4 Nbd5 30. Qc4 Nb4 31. Qe2 Nfd5 32. Bc4 Qb6 33. Rce1 Rd8 34. h4 Re8
35. Qd2 Qc7 36. Ra1 Kf8 37. Rhc1 Ra8 38. Be2 Be7 39. f4 Rh8 40. Bf3 Qb6 41. Nc5
Rd8 42. Kg1 Bd6 43. Ne4 Bc7 44. Nc5 Ke7 45. Qe2 Qb8 46. Bg4 Nf6 47. Bxe6 fxe6
48. Nxe6 Kd7 49. Nc5+ Kc8 50. Qe6+ Nd7 51. d5 Rhe8 52. Qxg6 Qb5 53. Nxd7 Kxd7
54. Qf5+ Kd6 55. Bd4 Bb6 56. Qg6+ Kc7 57. Bxb6+ Qxb6+ 58. Kh1 Nxd5 59. Qxg7+ Re7
60. Qg6 Rd6 61. Qc2 Rde6 62. Qg2 Kb7 63. Qg1 Re3 64. Re1 Qd4 65. Rxe3 Rxe3 66.
Rd1 Qe4+ 67. Qg2 Qe6 68. Rd2 Re1+ 69. Kh2 Ne3 70. f5 Qxf5 0-1

[Event "London Classic Open 2017"]
[Site "London ENG"]
[Date "2017.12.04"]
[Round "4.43"]
[White "Van Zyl-Rudd, Jack"]
[Black "Quillan, Gary"]
[Result "0-1"]
[WhiteTitle "FM"]
[BlackTitle "IM"]
[WhiteElo "2153"]
[BlackElo "2344"]
[WhiteFideId "14309017"]
[BlackFideId "401153"]
[EventDate "2017.12.02"]

1. d4 e6 2. c4 Nf6 3. Nc3 c5 4. d5 exd5 5. cxd5 d6 6. Nf3 g6 7. h3 Bg7 8. Bf4 b5
9. Nxb5 Qa5+ 10. Nc3 Ne4 11. Bd2 Nxd2 12. Qxd2 Nd7 13. e3 Rb8 14. Rc1 O-O 15.
Be2 Ba6 16. O-O Rb6 17. Bxa6 Rxa6 18. Rc2 Rb8 19. Qe2 Rab6 20. Rfc1 Rb4 21. b3
Qd8 22. Qa6 Nb6 23. Nd2 Bxc3 24. Rxc3 Nxd5 25. Rd3 R4b6 26. Qa5 Nb4 27. Rdc3 Qc8
28. a3 Ra6 29. Qxb4 Rxb4 30. axb4 Ra2 31. Nf3 Qb7 32. bxc5 dxc5 33. Rxc5 Qxb3
34. Rc8+ Kg7 35. R8c7 Qb2 36. Rf1 h6 37. Nd4 Ra1 38. Rxa1 Qxa1+ 39. Kh2 a5 40.
g3 a4 41. Rc2 Qb1 0-1

[Event "London Classic Open 2017"]
[Site "London ENG"]
[Date "2017.12.04"]
[Round "4.44"]
[White "Fenil, Shah"]
[Black "Marusenko, Petr"]
[Result "1/2-1/2"]
[WhiteTitle "FM"]
[BlackTitle "IM"]
[WhiteElo "2324"]
[BlackElo "2145"]
[WhiteFideId "5019850"]
[BlackFideId "14100606"]
[EventDate "2017.12.02"]

1. d4 d5 2. Bf4 c5 3. e3 Qb6 4. Nc3 e6 5. Nb5 Na6 6. dxc5 Bxc5 7. c3 Nf6 8. Nf3
O-O 9. a4 Bd7 10. a5 Qd8 11. Bd3 Be7 12. Ne5 Nc5 13. Be2 a6 14. Nd4 Be8 15. f3
Rc8 16. O-O Nfd7 17. Nxd7 Nxd7 18. Bg3 Nf6 19. Qb3 Qd7 20. Rfd1 Nh5 21. Bf2 f5
22. c4 Nf6 23. cxd5 exd5 24. Bd3 g6 25. Bg3 Bf7 26. Be2 Nh5 27. Be5 Rfe8 28. f4
Nf6 29. Bxf6 Bxf6 30. Bf3 Rc5 31. Qd3 Qc7 32. Qd2 Rc4 33. Rac1 Rc8 34. Ne2 Rd8
35. b3 Rc5 36. Nd4 Kg7 37. Rxc5 Qxc5 38. Rc1 Qd6 39. Qc3 Re8 40. Kf2 Re7 41. Qc5
Qd7 42. Qb6 Qe8 43. g3 Rd7 44. Qc5 Qe7 45. Qc3 Qd6 46. Qd2 Qe7 47. Qc3 Qa3 48.
Be2 Qe7 49. b4 Kg8 50. b5 axb5 51. Bxb5 Rd8 52. h4 Be6 1/2-1/2

[Event "London Classic Open 2017"]
[Site "London ENG"]
[Date "2017.12.04"]
[Round "4.45"]
[White "Pedersen, Carsten"]
[Black "Radovanovic, Jovica"]
[Result "0-1"]
[BlackTitle "FM"]
[WhiteElo "2144"]
[BlackElo "2320"]
[WhiteFideId "1409760"]
[BlackFideId "915912"]
[EventDate "2017.12.02"]

1. e4 c5 2. Nc3 Nc6 3. Bb5 Nd4 4. Bc4 e6 5. Nf3 Nf6 6. O-O a6 7. d3 b5 8. Bb3
Nxb3 9. axb3 Bb7 10. e5 Nd5 11. Ne4 f5 12. exf6 Nxf6 13. Nfg5 h6 14. Nh3 Qe7 15.
Re1 Qf7 16. Bf4 Nxe4 17. dxe4 Be7 18. Bd6 O-O 19. f3 Rfc8 20. c4 Bf6 21. e5 Bh4
22. Rf1 Be7 23. Qd3 Bc6 24. Nf2 Bf8 25. Rad1 bxc4 26. bxc4 Bxd6 27. Qxd6 Rab8
28. Nd3 Qg6 29. Rf2 Rb3 30. Rdd2 Rf8 31. f4 Qe4 32. Rfe2 Qxc4 33. Qxc5 Rxf4 34.
Qxc4 Rxc4 35. Nf2 Rbb4 36. Nd1 a5 37. h3 a4 38. Kf2 Rf4+ 39. Kg1 Rf5 40. Nf2
Rff4 41. Re3 Rf8 42. Rg3 Rfb8 43. Nd1 Re4 44. Re3 Rbb4 45. Rde2 Rxe3 46. Rxe3
Rd4 47. Nc3 Kf7 48. Kf2 Rf4+ 49. Kg1 Ke7 50. Re2 Kd8 51. Rf2 Rc4 0-1

[Event "London Classic Open 2017"]
[Site "London ENG"]
[Date "2017.12.04"]
[Round "4.46"]
[White "Woong, Zhi Wei William"]
[Black "Murphy, Conor E"]
[Result "1/2-1/2"]
[WhiteTitle "CM"]
[BlackTitle "FM"]
[WhiteElo "2137"]
[BlackElo "2313"]
[WhiteFideId "5804906"]
[BlackFideId "421669"]
[EventDate "2017.12.02"]

1. e4 c5 2. Nf3 e6 3. c3 Nf6 4. e5 Nd5 5. d4 cxd4 6. cxd4 d6 7. Nc3 dxe5 8. dxe5
Nxc3 9. Qxd8+ Kxd8 10. bxc3 Bd7 11. Be3 Ba4 12. Rb1 b6 13. Bd3 Nd7 14. O-O h6
15. Bd4 Ba3 16. Nd2 Nc5 17. Be2 Nd7 18. Bd3 Rc8 19. Nc4 Be7 20. Nb2 Bc6 21. Rfd1
Kc7 22. f3 Nc5 23. Bf1 h5 24. Nd3 h4 25. Kf2 Ba4 26. Rd2 Rhd8 27. Rdb2 Nxd3+ 28.
Bxd3 Rb8 29. Bb5 Bxb5 30. Rxb5 Kc6 31. a4 Rd5 32. Rxd5 Kxd5 33. a5 Bc5 34. Ke3
Rc8 35. Kd3 Rd8 36. axb6 axb6 37. Ra1 Kc6 38. Ra7 Bxd4 39. cxd4 Rd7 40. Ra8 b5
41. Rh8 Ra7 42. Kc3 Ra2 43. Rxh4 Rxg2 44. Rf4 Rxh2 45. Rxf7 Rf2 46. Re7 Rxf3+
47. Kb4 Kd5 48. Rd7+ Ke4 49. Kxb5 Rd3 50. Kc5 g5 51. d5 Kxe5 52. dxe6 Rc3+ 53.
Kb4 Rc6 54. e7 Re6 55. Kc4 g4 56. Rd1 Kf4 57. Rf1+ Kg5 58. Rf7 Kg6 59. Rf4 Kg5
60. Rf7 Kg6 1/2-1/2

[Event "London Classic Open 2017"]
[Site "London ENG"]
[Date "2017.12.04"]
[Round "4.47"]
[White "Derakhshani, Borna"]
[Black "Smith, Andrew Philip"]
[Result "1-0"]
[WhiteTitle "FM"]
[BlackTitle "FM"]
[WhiteElo "2298"]
[BlackElo "2126"]
[WhiteFideId "12518450"]
[BlackFideId "2500833"]
[EventDate "2017.12.02"]

1. d4 Nf6 2. Nf3 g6 3. Bf4 Nh5 4. Be5 f6 5. Bg3 Nxg3 6. hxg3 Bg7 7. e3 b6 8. Bd3
Bb7 9. Rxh7 Kf7 10. Rxh8 Qxh8 11. Qe2 Qh1+ 12. Qf1 Qxf1+ 13. Kxf1 e6 14. Nc3 Nc6
15. a3 a6 16. d5 Ne7 17. dxe6+ dxe6 18. e4 Rh8 19. Rd1 Rh1+ 20. Ke2 Rxd1 21.
Kxd1 Nc6 22. Ne2 f5 23. c3 Ne5 24. Nxe5+ Bxe5 25. exf5 exf5 26. f3 a5 27. Ke1
Kf6 28. Kf2 Bd5 29. Nd4 c5 30. Nc2 Bc6 31. Ne3 b5 32. f4 Bc7 33. Bxb5 Bxb5 34.
Nd5+ Kf7 35. Nxc7 Bc4 36. b4 cxb4 37. cxb4 axb4 38. axb4 Ke7 39. Ke3 Kd6 40. Kd4
Bf1 41. Nd5 Bxg2 42. Ne3 Bc6 43. Nc4+ Ke6 44. Ne5 Be8 45. Kc5 g5 46. b5 Bxb5 47.
Kxb5 Kd5 48. Ng6 g4 49. Nh4 1-0

[Event "London Classic Open 2017"]
[Site "London ENG"]
[Date "2017.12.04"]
[Round "4.48"]
[White "Englisch, Colya"]
[Black "Vignesh, B"]
[Result "1/2-1/2"]
[WhiteElo "2128"]
[BlackElo "2287"]
[WhiteFideId "36080420"]
[BlackFideId "5073600"]
[EventDate "2017.12.02"]

1. d4 Nf6 2. Nf3 c5 3. g3 g6 4. Bg2 Bg7 5. O-O cxd4 6. Nxd4 Nc6 7. c4 O-O 8. Nc3
Nxd4 9. Qxd4 d6 10. Bg5 Be6 11. Qh4 Qa5 12. Rac1 Rac8 13. b3 Rc5 14. Bd2 Rh5 15.
Qd4 Ng4 16. Qd3 Rxh2 17. Nd5 Qd8 18. Bf3 Ne5 19. Qe3 Bh6 20. Qd4 Nc6 21. Nxe7+
Qxe7 22. Bxc6 Rh5 23. Bf3 Bxd2 24. Qxd2 Rc5 25. Rfd1 Rd8 26. Qf4 Qc7 27. Kg2 a5
28. a4 Re5 29. Rd3 Qe7 30. Rcd1 g5 31. Qd4 Bf5 32. R3d2 g4 33. Bd5 Re8 34. e3
Rxd5 35. cxd5 Be4+ 36. Kf1 Qg5 37. Ke2 Bf3+ 38. Kd3 Qf5+ 39. Kc3 Rc8+ 40. Kb2
Bxd1 41. e4 Qf3 42. Rxd1 Re8 43. Re1 h6 44. Qe3 Qf6+ 45. Ka3 Qg7 46. Qf4 b5 47.
Rc1 bxa4 48. Kxa4 Qb2 49. Qxg4+ Kf8 50. Rc8 Qd4+ 51. Rc4 Qxf2 52. Ka3 Qe1 53.
Kb2 Qd2+ 54. Ka3 Qe1 55. Kb2 a4 56. Qf3 a3+ 57. Ka2 Qd2+ 58. Kxa3 Ra8+ 59. Ra4
Qc1+ 60. Ka2 Rc8 61. Rc4 Ra8+ 62. Ra4 Rc8 63. Rc4 Ra8+ 64. Ra4 Rc8 65. Rc4 1/2-1/2

[Event "London Classic Open 2017"]
[Site "London ENG"]
[Date "2017.12.04"]
[Round "4.49"]
[White "Risting, Eivind Olav"]
[Black "Abrahams, Daniel"]
[Result "1-0"]
[WhiteTitle "FM"]
[WhiteElo "2279"]
[BlackElo "2130"]
[WhiteFideId "1517333"]
[BlackFideId "2606879"]
[EventDate "2017.12.02"]

1. d4 Nf6 2. Bg5 e6 3. e4 h6 4. Bxf6 Qxf6 5. c3 g6 6. Bd3 Bg7 7. e5 Qe7 8. f4 d6
9. Nf3 c5 10. O-O Bd7 11. Nbd2 cxd4 12. Ne4 dxe5 13. fxe5 O-O 14. cxd4 Nc6 15.
a3 Qd8 16. Qd2 Be8 17. Qe3 Qb6 18. Nf6+ Kh8 19. Rad1 Rd8 20. Be4 Ne7 21. Ng5 Nf5
22. Bxf5 exf5 23. Ngh7 Bb5 24. Nxf8 Bxf8 25. Rf3 Kg7 26. Rh3 h5 27. Rxh5 1-0

[Event "London Classic Open 2017"]
[Site "London ENG"]
[Date "2017.12.04"]
[Round "4.50"]
[White "Rocco, Federico"]
[Black "Ojas, Kulkarni"]
[Result "1-0"]
[WhiteElo "2120"]
[BlackElo "2278"]
[WhiteFideId "431362"]
[BlackFideId "25040073"]
[EventDate "2017.12.02"]

1. Nf3 Nf6 2. c4 b6 3. g3 Bb7 4. Bg2 g6 5. b3 Bg7 6. Bb2 c5 7. O-O O-O 8. e3 Nc6
9. d4 cxd4 10. Nxd4 Qc8 11. Nd2 Nxd4 12. Bxd4 Bxg2 13. Kxg2 Qb7+ 14. Qf3 Qxf3+
15. Kxf3 Rfd8 16. a4 d5 17. Rfd1 dxc4 18. Nxc4 Nd5 19. Ne5 Nb4 20. Bb2 f6 21.
Nc4 Nd3 22. Bd4 Nb4 23. Bc3 Nd5 24. Bb2 e5 25. Rd2 Nc7 26. Rad1 Rxd2 27. Rxd2
Ne6 28. Rd5 Nc5 29. Nd2 e4+ 30. Ke2 f5 31. Ba3 Ne6 32. Rd7 Bf8 33. Bxf8 Nxf8 34.
Re7 Rc8 35. Rxa7 Ne6 36. Rb7 Rc1 37. Rxb6 Ng5 38. f3 1-0

[Event "London Classic Open 2017"]
[Site "London ENG"]
[Date "2017.12.04"]
[Round "4.51"]
[White "Perez, Flavio"]
[Black "Kim, Jinsoo"]
[Result "1/2-1/2"]
[WhiteTitle "FM"]
[WhiteElo "2276"]
[BlackElo "1986"]
[WhiteFideId "623911"]
[BlackFideId "13202405"]
[EventDate "2017.12.02"]

1. e4 c5 2. d3 Nc6 3. g3 g6 4. Bg2 Bg7 5. f4 e6 6. Nf3 Nge7 7. O-O O-O 8. c3 d5
9. Na3 b6 10. e5 Ba6 11. Nc2 Rc8 12. Re1 Qd7 13. b3 Rfd8 14. Bb2 Rc7 15. Qd2 c4
16. bxc4 dxc4 17. d4 Nd5 18. Ba3 Nce7 19. Ng5 Bb7 20. Ne4 Nc8 21. g4 Nde7 22.
Ne3 Bxe4 23. Bxe4 Qa4 24. Bxe7 Nxe7 25. g5 Qd7 26. Qf2 Rb8 27. Ng4 Nd5 28. Qg3
b5 29. a3 a5 30. Nf6+ Nxf6 31. gxf6 Bf8 32. h4 b4 33. axb4 axb4 34. h5 bxc3 35.
Rad1 Rb2 36. hxg6 hxg6 37. Qxc3 Rb3 38. Qc2 Qa4 39. Ra1 Qb4 40. Bxg6 Rg3+ 41.
Kf2 Rxg6 42. Rg1 Qb7 43. Rxg6+ fxg6 44. Qxg6+ Kh8 45. Rg1 Qb2+ 46. Kf1 Qa1+ 47.
Ke2 Qb2+ 48. Kf1 Qc1+ 49. Ke2 Qb2+ 1/2-1/2

[Event "London Classic Open 2017"]
[Site "London ENG"]
[Date "2017.12.04"]
[Round "4.52"]
[White "Kwon, Sehyun"]
[Black "Lyell, Mark"]
[Result "1-0"]
[WhiteTitle "CM"]
[BlackTitle "FM"]
[WhiteElo "2117"]
[BlackElo "2264"]
[WhiteFideId "13203088"]
[BlackFideId "402354"]
[EventDate "2017.12.02"]

1. e4 e6 2. d4 d5 3. Nd2 Nf6 4. e5 Nfd7 5. Bd3 c5 6. c3 Nc6 7. Ne2 cxd4 8. cxd4
f6 9. exf6 Nxf6 10. Nf3 Bd6 11. O-O Qc7 12. h3 O-O 13. Be3 Bd7 14. Re1 Rad8 15.
Rc1 Qb8 16. Nc3 a6 17. a3 b5 18. b4 e5 19. dxe5 Nxe5 20. Bd4 Nxd3 21. Qxd3 Bf4
22. Bxf6 Rxf6 23. Nxd5 Rd6 24. Rc5 Be6 25. Ne7+ Kf7 26. Qxh7 Kxe7 27. Qxg7+ Ke8
28. Rh5 1-0